Arkadaş/ (Record no. 13949)

MARC details
000 -BAŞLIK
Sabit Uzunlukta Kontrol Alanı 00588nam a22002177a 4500
999 ## - SİSTEM KONTROL NUMARALARI (KOHA)
Koha Biblionumber 13949
Koha Biblioitemnumber 13949
003 - KONTROL NUMARASI IDENTIFIER
Denetim Alanı MIRAKIL
005 - SON İŞLEM TARİHİ VE ZAMANI
Denetim Alanı 20200825103026.0
008 - SABİT-BOY VERİ ELEMANLARI - GENEL BİLGİLER
Sabit Uzunlukta Kontrol Alanı 200825b tu ||||| |||| 00| 0 tur d
020 ## - ULUSLARARASI STANDART KİTAP NUMARASI
Uluslararası Standart Kitap Numarası 975385000x
040 ## - KATALOGLAMA KAYNAK
Orijinal Kataloglama Ajansı TR-AnCHP
Metne Dönüştürmek Ajansı TR-AnCHP
041 ## - DİL KODU
Metin / Ses Parça Veya Ayrı Başlığın Dil Kodu tur
082 ## - DEWEY ONLU SINIFLANDIRMA NUMARASI
Sınıflandırma Numarası 891.73
Ürün Numarası G66a 1999
100 ## - ANA GİRİŞ - KİŞİSEL İSİM
Kişisel Ad Gorki, Maksim
245 10 - BAŞLIK TABLOSU
Başlık Arkadaş/
Sorumluluk Tablosu, Vb Maksim Gorki; çeviren Gülen Aktaş.
250 ## - EDITION TABLOSU
Baskı Beyanı 9 bs.
260 ## - YAYIN, DAĞITIM, VB
Yayın, Dağıtım, Vb Yeri İstanbul:
Yayıncı, Dağıtıcı, Vs Adı Oda Yayınları,
Yayın, Dağıtım, Vb Tarihi 1999.
300 ## - FİZİKSEL TANIM
Kapsam 158 s.:
Boyutlar 19 sm.
650 #0 - KONU KATMA GİRİŞ - TOPİKAL DÖNEM
9 (RLIN) 5112
Topikal Süreli Veya Coğrafi Ad Giriş Elemanı Rus Edebiyatı
Genel Alt Bölümü Roman
700 ## - KATMA GİRİŞ - KİŞİSEL İSİM
9 (RLIN) 6421
Kişisel Ad Aktaş, Gülen
Relator Terim çev.
942 ## - EKLENDİ GİRİŞ ELEMANLARI (KOHA)
Sınıflandırma Veya Raf Düzeni Kaynak Dewey Decimal Classification
Koha Öğesi Türü Books
Holdings
Kalıcı Konum Mevcut Konum Edinme Tarihi Toplam Check-Out'Lar Tam Çağrı Numarası Barkod Tarih Son Görülme İtibaren Geçerli Fiyatlar Sigara Kamu Notu Koha Öğesi Türü
CHP Kütüphanesi CHP Kütüphanesi 08/25/2020   891.73 G66a 1999 019432 08/25/2020 08/25/2020 Emine Başak Alkan Bağışıdır. Books